LES 10 MEILLEURS BUTEURS DE LA LIGUE DES CHAMPIONS. - Statistiques

Statistiques générales
  • Ce quiz a été pris 180 fois
  • Le résultat moyen est 6 sur 10
Statistiques - réponses
RANG NOM BUTS % Correct
1 CRISTIANO RONALDO 141
100%
2 LIONEL MESSI 129
100%
4 KARIM BENZEMA 90
88%
3 ROBERT LEWANDOWSKI 94
70%
5 RAUL 71
58%
9 THIERRY HENRY 51
55%
8 THOMAS MÜLLER 54
38%
6 RUUD VAN NISTELROOY 60
28%
7 ANDRIY SHEVCHENKO 59
22%
10 FILIPPO INZAGHI 50
21%
Aucun quiz correspondant
Distribution des résultats
% des personnes avec chaque résultat
Percentile par nombre de réponses
Votre historique - résultats
Vous n’avez pas pris ce quiz